Britisch-Kassraria und Seine Deutschen Siedlungen : Die Ansiedlung Von Europäern in Den Tropen. Vierter Teil. (Schriften des Vereins Für Sozialpolitik 147-IV).

Bibliographic Details
Main Author: Spanuth, Johannes.
Format: eBook
Language:German
Published: Berlin : Duncker & Humblot, 2014.
Edition:1st ed.
Series:Duncker and Humblot Reprints Series
Subjects:
Online Access:Click to View
LEADER 02404nam a22003853i 4500
001 EBC7101373
003 MiAaPQ
005 20240729202204.0
006 m o d |
007 cr cnu||||||||
008 240729s2014 xx o ||||0 ger d
020 |a 9783428574544  |q (electronic bk.) 
020 |z 9783428174546 
035 |a (MiAaPQ)EBC7101373 
035 |a (Au-PeEL)EBL7101373 
035 |a (OCoLC)1347029698 
040 |a MiAaPQ  |b eng  |e rda  |e pn  |c MiAaPQ  |d MiAaPQ 
100 1 |a Spanuth, Johannes. 
245 1 0 |a Britisch-Kassraria und Seine Deutschen Siedlungen :  |b Die Ansiedlung Von Europäern in Den Tropen. Vierter Teil. (Schriften des Vereins Für Sozialpolitik 147-IV). 
250 |a 1st ed. 
264 1 |a Berlin :  |b Duncker & Humblot,  |c 2014. 
264 4 |c {copy}1914. 
300 |a 1 online resource (88 pages) 
336 |a text  |b txt  |2 rdacontent 
337 |a computer  |b c  |2 rdamedia 
338 |a online resource  |b cr  |2 rdacarrier 
490 1 |a Duncker and Humblot Reprints Series 
505 0 |a Intro -- Inhaltsverzeichnis -- „Britisch-Kaffraria -- 1. Vorgeschichte Kaffrarias bis zur ersten Eroberung -- 2. Die Eroberung. Provinz „Queen Adelaide" und „British Caffraria -- 3. Friedensarbeit seit der Eroberung -- 4. Die Englisch-Deutsche Legion -- 5. Die deutschen Emigranten 1858-59 -- 6. Spätere Einwanderung -- 7. Lebensverhältnisse der Deutschen -- 8. Schwarz und Weiß -- Abschließende Erwägungen -- Anhang: -- 1. Bedingungen für die Bildung einer militärischen Niederlassung 1856 -- 2. Stationen der militärischen Ansiedlung -- 3. Kontrakt und Auszug aus dem Regulativ für die Emigranten von 1858-59 -- 4. Bekanntmachung der Auswanderungsagenten über Bedingungen zur Gewährung freier Ausreise an Emigranten 1877. 
588 |a Description based on publisher supplied metadata and other sources. 
590 |a Electronic reproduction. Ann Arbor, Michigan : ProQuest Ebook Central, 2024. Available via World Wide Web. Access may be limited to ProQuest Ebook Central affiliated libraries.  
655 4 |a Electronic books. 
776 0 8 |i Print version:  |a Spanuth, Johannes  |t Britisch-Kassraria und Seine Deutschen Siedlungen  |d Berlin : Duncker & Humblot,c2014  |z 9783428174546 
797 2 |a ProQuest (Firm) 
830 0 |a Duncker and Humblot Reprints Series 
856 4 0 |u https://ebookcentral.proquest.com/lib/matrademy/detail.action?docID=7101373  |z Click to View